[Event "Politiken Cup 32nd"]
[Site "Copenhagen"]
[Date "2010.08.07"]
[Round "9"]
[White "Hornsgaard, Jens Boe"]
[Black "Nielsen, Jens Holm"]
[Result "1-0"]
[WhiteElo "2044"]
[BlackElo "1901"]
[PlyCount "69"]
[EventDate "2010.07.31"]
[EventType "swiss"]
[EventRounds "10"]
[EventCountry "DEN"]
[SourceTitle "CBM 137 Extra"]
[Source "ChessBase"]
[SourceDate "2010.09.01"]
[SourceVersion "1"]
[SourceVersionDate "2010.09.01"]
[SourceQuality "1"]

1. d4 d5 2. c4 c6 3. Nf3 g6 4. Nc3 Bg7 5. cxd5 cxd5 6. Bf4 Nc6 7. e3 Nf6 8. h3 0-0 9. Bd3 b6 10. 0-0 Bb7 11. Rc1 Rc8 12. Qe2 e6 13. a3 Ne8 14. h4 h6 15. g4 f5 16. g5 h5 17. b4 Nd6 18. Rc2 Ne4 19. Rfc1 Rf7 20. Nb5 Bf8 21. Nc7 Re7 22. Ba6 Bxa6 23. Nxa6 Qd7 24. b5 Nxd4 25. exd4 Rxc2 26. Rxc2 e5 27. Nxe5 Rxe5 28. dxe5 d4 29. Qc4+ Kh8 30. e6 Qe7 31. Qxd4+ Kg8 32. Qd7 Qxa3 33. Qf7+ Kh8 34. Be5+ Bg7 35. Qxg7# 1-0

[Event "Taastrup Quick Weekend 11th M2"]
[Site "Taastrup"]
[Date "2010.04.18"]
[Round "5"]
[White "Hornsgaard, Jens Boe"]
[Black "Treppendahl, Trine"]
[Result "1-0"]
[WhiteElo "2007"]
[BlackElo "1990"]
[PlyCount "55"]
[EventDate "2010.04.16"]
[EventType "tourn"]
[EventRounds "5"]
[EventCountry "DEN"]
[SourceTitle "EXT 2023"]
[Source "ChessBase"]
[SourceDate "2022.10.05"]
[SourceVersion "1"]
[SourceVersionDate "2022.10.05"]
[SourceQuality "1"]

1. d4 d5 2. c4 dxc4 3. Nf3 Nf6 4. Nc3 Bf5 5. Nh4 Be6 6. e4 c6 7. g3 g6 8. Bg2 Qc8 9. 0-0 Bg7 10. d5 Bg4 11. Qd4 0-0 12. Qxc4 e5 13. f4 exf4 14. Bxf4 Bd7 15. Bd6 cxd5 16. Qb3 Re8 17. e5 Ne4 18. Nxe4 dxe4 19. Qxf7+ Kh8 20. Bxe4 Re6 21. Rf6 Rxe5 22. Bxe5 Qc5+ 23. Kh1 Qxe5 24. Nxg6+ hxg6 25. Rf4 Bh6 26. Qxg6 Qg7 27. Rf8+ Qxf8 28. Qh7# 1-0

[Event "Taastrup Quick Weekend 11th M2"]
[Site "Taastrup"]
[Date "2010.04.17"]
[Round "2"]
[White "Haubro, Martin"]
[Black "Hornsgaard, Jens Boe"]
[Result "1/2-1/2"]
[WhiteElo "1979"]
[BlackElo "2007"]
[PlyCount "118"]
[EventDate "2010.04.16"]
[EventType "tourn"]
[EventRounds "5"]
[EventCountry "DEN"]
[SourceTitle "EXT 2023"]
[Source "ChessBase"]
[SourceDate "2022.10.05"]
[SourceVersion "1"]
[SourceVersionDate "2022.10.05"]
[SourceQuality "1"]

1. e4 e5 2. Nc3 Nf6 3. f4 d5 4. fxe5 Nxe4 5. Nf3 Be7 6. d4 0-0 7. Be3 Nxc3 8. bxc3 f6 9. Bd3 Bg4 10. exf6 Bxf6 11. 0-0 Nd7 12. h3 Bh5 13. g4 Bf7 14. Qd2 c6 15. Ng5 h6 16. Nh7 Re8 17. g5 hxg5 18. Bxg5 Bxg5 19. Nxg5 Bh5 20. Rf2 Qe7 21. Qf4 Qe3 22. Bh7+ Kh8 23. Qh4 Rf8 24. Bf5 Nf6 25. Ne6 Rg8 26. Ng5 g6 27. Be6 Rgf8 28. Raf1 Ne4 29. Nxe4 dxe4 30. Kh2 Rf3 31. Bg4 Qf4+ 32. Kg2 Rf8 33. Rxf3 exf3+ 34. Rxf3 Qd2+ 35. Qf2 Qxf2+ 36. Kxf2 Re8 37. Bxh5 gxh5 38. Rf7 Rb8 39. Ke3 Kg8 40. Rc7 Re8+ 41. Kf4 Re2 42. Rxb7 Rxc2 43. Rxa7 Rxc3 44. Rc7 Rxh3 45. Rxc6 Ra3 46. Rc5 h4 47. Ke5 Rxa2 48. Kd6 h3 49. Rh5 Ra6+ 50. Ke5 Kf7 51. Rxh3 Ke7 52. d5 Kd7 53. Rh7+ Kd8 54. Rf7 Rb6 55. Rf6 Rxf6 56. Kxf6 Kd7 57. Ke5 Ke7 58. d6+ Kd7 59. Kd5 Kd8 1/2-1/2

[Event "Taastrup Quick Weekend 11th M2"]
[Site "Taastrup"]
[Date "2010.04.16"]
[Round "1"]
[White "Hornsgaard, Jens Boe"]
[Black "Nielsen, Jan Mose"]
[Result "0-1"]
[WhiteElo "2007"]
[BlackElo "2067"]
[PlyCount "74"]
[EventDate "2010.04.16"]
[EventType "tourn"]
[EventRounds "5"]
[EventCountry "DEN"]
[SourceTitle "EXT 2023"]
[Source "ChessBase"]
[SourceDate "2022.10.05"]
[SourceVersion "1"]
[SourceVersionDate "2022.10.05"]
[SourceQuality "1"]

1. d4 Nf6 2. c4 g6 3. Nc3 d5 4. Bf4 Bg7 5. e3 0-0 6. cxd5 Nxd5 7. Nxd5 Qxd5 8. Bxc7 Bf5 9. Ne2 Rc8 10. Nc3 Qc6 11. Bg3 Na6 12. Rc1 Nb4 13. a3 Nd5 14. Qd2 a6 15. h4 h5 16. f3 Bh6 17. Bf2 b5 18. Be2 Nf6 19. 0-0 Qd7 20. Bd3 Qxd4 21. Rfd1 Bxd3 22. Qxd3 Qxd3 23. Rxd3 a5 24. Rcd1 b4 25. axb4 axb4 26. Nb5 Rc2 27. Rb3 Ra2 28. Rb1 Nd5 29. Nd4 Rc4 30. Rd3 e6 31. e4 Nf4 32. Rdd1 e5 33. Nb3 Rc2 34. Be1 Rxg2+ 35. Kh1 Raxb2 36. Bxb4 Rh2+ 37. Kg1 Rbg2+ 0-1

[Event "Valby K41 Autumn-A"]
[Site "Valby"]
[Date "2009.09.08"]
[Round "1"]
[White "Hornsgaard, Jens Boe"]
[Black "Petersen, Steen Brustrup"]
[Result "1/2-1/2"]
[WhiteElo "2057"]
[BlackElo "2098"]
[PlyCount "30"]
[EventDate "2009.09.08"]
[EventType "tourn"]
[EventRounds "7"]
[EventCountry "DEN"]
[SourceTitle "EXT 2023"]
[Source "ChessBase"]
[SourceDate "2022.10.05"]
[SourceVersion "1"]
[SourceVersionDate "2022.10.05"]
[SourceQuality "1"]

1. e4 d5 2. exd5 Qxd5 3. Nc3 Qd6 4. d4 Nf6 5. Nf3 Bg4 6. Nb5 Qd8 7. Bf4 Na6 8. c3 c6 9. Na3 Nc7 10. h3 Bxf3 11. Qxf3 Ncd5 12. Bg3 e6 13. Nc4 Nb6 14. Ne5 Qd5 15. Bd3 Qxf3 1/2-1/2

[Event "Baltic Sea Cup"]
[Site "Ronne"]
[Date "2007.08.05"]
[Round "9.42"]
[White "Hornsgaard, Jens Boe"]
[Black "Jensen, Jan Kargaard"]
[Result "1-0"]
[WhiteElo "2052"]
[BlackElo "1894"]
[PlyCount "59"]
[EventDate "2007.07.30"]
[EventType "swiss"]
[EventRounds "9"]
[EventCountry "DEN"]
[SourceTitle "EXT 2023"]
[Source "ChessBase"]
[SourceDate "2022.10.05"]
[SourceVersion "1"]
[SourceVersionDate "2022.10.05"]
[SourceQuality "1"]

1. e4 c5 2. Nf3 d6 3. d4 cxd4 4. Nxd4 Nf6 5. Nc3 a6 6. Be2 e5 7. Nb3 Be6 8. 0-0 Nbd7 9. f4 Qc7 10. Be3 Be7 11. a4 b6 12. Kh1 0-0 13. f5 Bc4 14. g4 h6 15. Qd2 Bxe2 16. Qxe2 Qb7 17. Qg2 Rfd8 18. h4 Nh7 19. g5 hxg5 20. hxg5 Nc5 21. Nxc5 dxc5 22. Nd5 g6 23. f6 Bd6 24. Rf3 Rab8 25. Rh3 Qd7 26. Qh2 Qg4 27. Rxh7 Qxe4+ 28. Kg1 Qg4+ 29. Kf2 Qf5+ 30. Ke1 1-0

[Event "Baltic Sea Cup"]
[Site "Ronne"]
[Date "2007.08.01"]
[Round "4.20"]
[White "Hirneise, Tobias"]
[Black "Hornsgaard, Jens Boe"]
[Result "1-0"]
[WhiteElo "2293"]
[BlackElo "2052"]
[PlyCount "75"]
[EventDate "2007.07.30"]
[EventType "swiss"]
[EventRounds "9"]
[EventCountry "DEN"]
[SourceTitle "EXT 2023"]
[Source "ChessBase"]
[SourceDate "2022.10.05"]
[SourceVersion "1"]
[SourceVersionDate "2022.10.05"]
[SourceQuality "1"]

1. e4 e5 2. Nf3 Nc6 3. Bb5 a6 4. Ba4 Nf6 5. 0-0 Be7 6. Re1 b5 7. Bb3 0-0 8. h3 d6 9. c3 Na5 10. Bc2 c5 11. d4 Qc7 12. Nbd2 Bd7 13. Nf1 Rac8 14. Ne3 cxd4 15. cxd4 h6 16. d5 Nc4 17. Nxc4 Qxc4 18. Bd3 Qc7 19. Nh2 Bd8 20. f4 Qa7+ 21. Kh1 Bb6 22. Qf3 Bd4 23. f5 Nh7 24. Rf1 f6 25. h4 Kf7 26. Qh5+ Kg8 27. Qe2 Kf7 28. Nf3 Ke7 29. Nxd4 Qxd4 30. Be3 Qa4 31. Bb6 Rb8 32. Qe3 Rfc8 33. Qg3 Kf7 34. Be3 Be8 35. Qe1 Nf8 36. g4 Nd7 37. Rf2 Nc5 38. Bc2 1-0

[Event "Sydney op"]
[Site "Parramatta"]
[Date "2007.04.13"]
[Round "7"]
[White "Wright, Neil"]
[Black "Hornsgaard, Jens Boe"]
[Result "1-0"]
[WhiteElo "2217"]
[BlackElo "2076"]
[PlyCount "43"]
[EventDate "2007.04.10"]
[EventType "swiss"]
[EventRounds "9"]
[EventCountry "AUS"]
[SourceTitle "CBM 117 Extra"]
[Source "ChessBase"]
[SourceDate "2007.05.09"]
[SourceVersion "1"]
[SourceVersionDate "2007.05.09"]
[SourceQuality "1"]

1. d4 Nf6 2. c4 g6 3. Nc3 d5 4. Bg5 Ne4 5. h4 Nxg5 6. hxg5 dxc4 7. e3 Bg7 8. Bxc4 e5 9. dxe5 Qxg5 10. Qb3 0-0 11. Nf3 Qxg2 12. Ke2 Qg4 13. Rag1 Qf5 14. e4 Qd7 15. Rxh7 Kxh7 16. Ng5+ Kh6 17. e6 fxe6 18. Nd1 Bc3 19. Qxc3 Qc6 20. Rh1+ Kxg5 21. Qe5+ Rf5 22. Rg1+ 1-0

[Event "Sydney op"]
[Site "Parramatta"]
[Date "2007.04.12"]
[Round "4"]
[White "Hornsgaard, Jens Boe"]
[Black "Smith, Vivian J"]
[Result "1-0"]
[WhiteElo "2076"]
[BlackElo "1742"]
[PlyCount "69"]
[EventDate "2007.04.10"]
[EventType "swiss"]
[EventRounds "9"]
[EventCountry "AUS"]
[SourceTitle "EXT 2023"]
[Source "ChessBase"]
[SourceDate "2022.10.05"]
[SourceVersion "1"]
[SourceVersionDate "2022.10.05"]
[SourceQuality "1"]

1. e4 d6 2. d4 Nf6 3. Nc3 g6 4. f4 Bg7 5. Nf3 0-0 6. Bd3 Na6 7. 0-0 c5 8. e5 Nd7 9. Bxa6 bxa6 10. exd6 exd6 11. Be3 Bb7 12. Qd2 cxd4 13. Nxd4 Nc5 14. Rad1 Ne4 15. Nxe4 Bxe4 16. c3 Re8 17. Nb3 f5 18. Qxd6 Qxd6 19. Rxd6 Bxg2 20. Kxg2 Rxe3 21. Rxa6 Bh6 22. Nd4 Re4 23. Kg3 Re3+ 24. Rf3 Re7 25. b4 Rae8 26. a4 Bg7 27. Nc6 Re3 28. Rxa7 Rxf3+ 29. Kxf3 Bxc3 30. b5 Bd2 31. Ne7+ Kf8 32. b6 Bb4 33. Nd5 Bc5 34. Rxh7 Re1 35. b7 1-0

[Event "Sydney op"]
[Site "Parramatta"]
[Date "2007.04.11"]
[Round "3"]
[White "Smith, Robert Wayne"]
[Black "Hornsgaard, Jens Boe"]
[Result "1-0"]
[WhiteElo "2294"]
[BlackElo "2076"]
[PlyCount "67"]
[EventDate "2007.04.10"]
[EventType "swiss"]
[EventRounds "9"]
[EventCountry "AUS"]
[SourceTitle "CBM 117 Extra"]
[Source "ChessBase"]
[SourceDate "2007.05.09"]
[SourceVersion "1"]
[SourceVersionDate "2007.05.09"]
[SourceQuality "1"]

1. e4 e5 2. Nf3 Nc6 3. d4 exd4 4. Nxd4 Bc5 5. Nxc6 Qf6 6. Qd2 dxc6 7. Nc3 Bd7 8. Na4 Be7 9. Qe3 Nh6 10. h3 Qg6 11. g4 f6 12. Be2 Nf7 13. f4 Nd6 14. Nc5 Bc8 15. f5 Qf7 16. b3 b6 17. Nd3 Bb7 18. Bf3 0-0-0 19. Bb2 c5 20. c4 g5 21. 0-0-0 Rhe8 22. e5 fxe5 23. Nxe5 Qg7 24. Bxb7+ Nxb7 25. Qf3 Bf6 26. Rxd8+ Rxd8 27. Qc6 Kb8 28. Qxf6 Qxf6 29. Nd7+ Rxd7 30. Bxf6 h6 31. h4 gxh4 32. Rxh4 Rh7 33. g5 Rf7 34. g6 1-0

[Event "North Sea Cup 20th"]
[Site "Esbjerg"]
[Date "2005.07.06"]
[Round "6"]
[White "Radovic, Stefan"]
[Black "Hornsgaard, Jens Boe"]
[Result "0-1"]
[WhiteElo "2224"]
[BlackElo "2050"]
[PlyCount "84"]
[EventDate "2005.07.02"]
[EventType "swiss"]
[EventRounds "9"]
[EventCountry "DEN"]
[SourceTitle "CBM 107 Extra"]
[Source "ChessBase"]
[SourceDate "2005.09.01"]
[SourceVersion "1"]
[SourceVersionDate "2005.09.01"]
[SourceQuality "1"]

1. Nf3 Nf6 2. c4 g6 3. g3 Bg7 4. Bg2 0-0 5. 0-0 d6 6. Nc3 e5 7. d3 Nc6 8. Bd2 h6 9. Rc1 Be6 10. a3 a5 11. e3 Qd7 12. Qc2 Rad8 13. e4 Nh5 14. Rb1 f5 15. exf5 gxf5 16. b4 axb4 17. axb4 Nf6 18. b5 Ne7 19. Nh4 c6 20. Ra1 d5 21. Rfd1 Qe8 22. Ra7 Rd7 23. Na4 Qb8 24. b6 dxc4 25. Nc5 cxd3 26. Qc1 Bf7 27. Nxd7 Nxd7 28. Bxh6 f4 29. Bxg7 Kxg7 30. Qb2 Bc4 31. Qb4 Nd5 32. Qxc4 N7xb6 33. Qe4 Qxa7 34. Qg6+ Kh8 35. Be4 Nf6 36. Qh6+ Kg8 37. Nf5 Ne8 38. Ne7+ Kf7 39. Ng6 Nd7 40. Qh7+ Ng7 41. Nxf8 Nxf8 42. Bxd3 Nxh7 0-1

[Event "North Sea Cup 20th"]
[Site "Esbjerg"]
[Date "2005.07.02"]
[Round "1"]
[White "Hornsgaard, Jens Boe"]
[Black "Jacobsen, Per Wurtz"]
[Result "1-0"]
[WhiteElo "2050"]
[BlackElo "2055"]
[PlyCount "65"]
[EventDate "2005.07.02"]
[EventType "swiss"]
[EventRounds "9"]
[EventCountry "DEN"]
[SourceTitle "CBM 107 Extra"]
[Source "ChessBase"]
[SourceDate "2005.09.01"]
[SourceVersion "1"]
[SourceVersionDate "2005.09.01"]
[SourceQuality "1"]

1. e4 Nf6 2. e5 Nd5 3. d4 d6 4. Nf3 g6 5. Bc4 c6 6. 0-0 Bg7 7. Re1 0-0 8. Bb3 dxe5 9. dxe5 Bg4 10. h3 Bxf3 11. Qxf3 e6 12. c4 Nb6 13. Nc3 N8d7 14. Bf4 Qc7 15. Qe2 a5 16. Rad1 Nc5 17. Bc2 Rad8 18. Rxd8 Rxd8 19. b3 Ncd7 20. h4 Nf8 21. Ne4 f5 22. exf6 Qxf4 23. fxg7 Kxg7 24. h5 gxh5 25. Qxh5 Qh6 26. Qxa5 Nfd7 27. c5 Ra8 28. Qc3+ e5 29. cxb6 Rxa2 30. Nc5 Nf6 31. Nxb7 Ng4 32. Qg3 Qg5 33. Nc5 1-0

[Event "Ronne Jubilaum"]
[Site "Ronne"]
[Date "2001.06.28"]
[Round "7"]
[White "Hornsgaard, Jens Boe"]
[Black "Grahn, Lars"]
[Result "1/2-1/2"]
[WhiteElo "1902"]
[BlackElo "2100"]
[PlyCount "41"]
[EventDate "2001.06.24"]
[EventType "swiss"]
[EventRounds "9"]
[EventCountry "DEN"]
[SourceTitle "EXT 2023"]
[Source "ChessBase"]
[SourceDate "2022.10.05"]
[SourceVersion "1"]
[SourceVersionDate "2022.10.05"]
[SourceQuality "1"]

1. e4 e5 2. Nf3 d6 3. d4 exd4 4. Qxd4 Nf6 5. Bg5 Be7 6. Nc3 0-0 7. Bc4 Nc6 8. Qd3 Bg4 9. Bb3 Na5 10. 0-0 Nxb3 11. axb3 h6 12. Bh4 Bh5 13. Rfe1 Bg6 14. Qd4 a6 15. Rad1 Re8 16. e5 dxe5 17. Rxe5 Bxc2 18. Qxd8 Rexd8 19. Rc1 Bd6 20. Rxc2 Bxe5 21. Nxe5 1/2-1/2

[Event "Ronne Jubilaum"]
[Site "Ronne"]
[Date "2001.06.27"]
[Round "6"]
[White "Bernhardsson, Sten Hilding G"]
[Black "Hornsgaard, Jens Boe"]
[Result "1-0"]
[WhiteElo "2291"]
[BlackElo "1902"]
[PlyCount "55"]
[EventDate "2001.06.24"]
[EventType "swiss"]
[EventRounds "9"]
[EventCountry "DEN"]
[SourceTitle "EXT 2023"]
[Source "ChessBase"]
[SourceDate "2022.10.05"]
[SourceVersion "1"]
[SourceVersionDate "2022.10.05"]
[SourceQuality "1"]

1. d4 d5 2. c4 e6 3. Nf3 Nf6 4. Bg5 c6 5. e3 Nbd7 6. Bd3 Qa5+ 7. Nc3 Bb4 8. 0-0 Bxc3 9. bxc3 Qxc3 10. Rc1 Qa5 11. Qc2 0-0 12. Rb1 dxc4 13. Bxc4 e5 14. Bxf6 gxf6 15. Qe4 exd4 16. exd4 Qh5 17. Rb3 Nb6 18. Be2 Bf5 19. Qf4 Qg4 20. Qd2 Rad8 21. h3 Qe4 22. Ra3 Kh8 23. Bd3 Qd5 24. Ra5 c5 25. Rxc5 Qxc5 26. dxc5 Bxd3 27. Rd1 Nc4 28. Qf4 1-0

[Event "Ronne Jubilaum"]
[Site "Ronne"]
[Date "2001.06.26"]
[Round "2"]
[White "Hornsgaard, Jens Boe"]
[Black "Erikstad, Olav Age"]
[Result "0-1"]
[WhiteElo "1902"]
[BlackElo "1548"]
[PlyCount "88"]
[EventDate "2001.06.24"]
[EventType "swiss"]
[EventRounds "9"]
[EventCountry "DEN"]
[SourceTitle "EXT 2023"]
[Source "ChessBase"]
[SourceDate "2022.10.05"]
[SourceVersion "1"]
[SourceVersionDate "2022.10.05"]
[SourceQuality "1"]

1. e4 c6 2. d4 d5 3. exd5 cxd5 4. c4 Nf6 5. Nc3 e6 6. Nf3 Nc6 7. cxd5 Nxd5 8. Bd3 Bb4 9. Bd2 Nf6 10. a3 Ba5 11. Bg5 Bxc3+ 12. bxc3 Qa5 13. Bd2 0-0 14. 0-0 e5 15. c4 Qd8 16. d5 e4 17. dxc6 exf3 18. Qxf3 Bg4 19. Qg3 bxc6 20. Bg5 Bh5 21. Rfe1 Bg6 22. Rad1 Qa5 23. Bxf6 gxf6 24. f4 Kh8 25. Qh4 Qc3 26. f5 Bh5 27. Qxh5 Rfe8 28. Rxe8+ Rxe8 29. Bf1 Kg7 30. Qg4+ Kh8 31. Qd4 Qxa3 32. Qxf6+ Kg8 33. Qg5+ Kh8 34. f6 Qf8 35. Rd7 h6 36. Qh5 Kg8 37. Rd3 Re6 38. Rg3+ Kh8 39. Qf5 Qd8 40. Rg7 Qd4+ 41. Kh1 Qe4 42. Qxe4 Rxe4 43. Rxf7 a5 44. Rf8+ Kh7 0-1